"Otvorená ruská duša" východné trhy spoločnosti Böttcher

Bibliographic Details
Main Authors: Buzinkay, Peter (Author, Interviewer), Spiesz, Peter (Author)
Format: Article
Language:Slovak
PhysicalDescription:Fotogr.
ISSN:1336-281X
Subjects:

MARC

LEADER 00000nab a2200000 a 4500
001 vtls009284645
003 SK-MaSNL
005 20260426084812.0
008 250506c2008 xo |||||||||||000 b|slo
015 |a SNBRB2008/04  |2 snkbucl 
035 |a urn:nbn:sk:snk-ab82uz 
035 |a (urnnbn)urn:nbn:sk:snk:ar-0065qu 
035 |a (uuid)bc4c706a-e218-478b-b34e-be49188653c1 
038 |a SNKBUCL 
040 |a SNKBUCL  |b slo  |c SNKBUCL  |e AACR2 
041 0 |a slo 
044 |a xo  |c SK 
080 |a 681.65:061.5  |x (470+571)  |x (4-11)  |2 2001 
100 1 |a Buzinkay, Peter  |4 aut  |4 ivr  |9 279114 
245 1 0 |a "Otvorená ruská duša"  |b východné trhy spoločnosti Böttcher  |c Peter Buzinkay, Peter Spiesz 
300 |b Fotogr. 
610 2 7 |a Böttcher  |2 snkbucl  |9 1473157 
651 7 |a Rusko  |2 snkbucl  |9 17250 
651 7 |a Európa východná  |2 snkbucl  |9 167635 
700 1 |a Spiesz, Peter  |4 aut  |9 667736 
773 0 |t Papier a polygrafia  |g Roč. VI, č. 1 (2008), s. 28-29  |x 1336-281X 
850 |a Slovenská národná knižnica 
852 |a Slovenská národná knižnica 
954 |a odborná, vedecká literatúra pôvodná (slovenská)  |2 lita 
958 |a article9 
958 |a OND 
958 |a RU 
958 |a EUIPO 
999 |c 2945021  |d 2946951